عرض عادي
عرض مارك
- راضي، محمد سامي.
مدخل إسم شخص
عدد التسجيلات المستخدمة في: 12
001 - رقم الضبط
- حقل الضبط: 10270
003 - معرف رقم الضبط
- حقل الضبط: OSt
005 - تاريخ ووقت أخر عملية
- حقل الضبط: 20120408010936.0
008 - عناصر بيانات ثابتة الطول
- حقل تحكم ثابت الطول: 120408|||a|||||| | ||| d
040 ## - مصدر الفهرسة
- هيئة الفهرسة الأصلية: OSt
- وكالة الكتابة: OSt
100 ## - مدخل -- أسم شخص
- إسم شخص: راضي، محمد سامي.
670 ## - بيانات المصدر موجوده
- الاستشهاد بالمصدر: Work cat.: (OSt)21428: جمعة، إسماعيل إبراهيم 10268, حالات عملية في المراجعة /, 1996
